000 00747nam a2200193 a 4500
003 0
005 20250314105630.0
008 080923s19uu xx 00 eng d
050 _aPHS LC 192.4
_b.K49 2008
100 _aKim, Na Ye Rang.
245 _aHobbies and academic achievements of Southville International School and Colleges grade 11 students /
_cKim Na Ye Rang.
260 _aLas PiƱas City, Philippines :
_bSouthville International School and Colleges,
_c2008.
300 _a43 pages :
_billustrations ;
_c28 cm.
504 _aIncludes bibliographical references.
650 _aAcademic achievement
_xPsychological aspects.
650 _aHobbies
_xSocial aspects.
650 _aAcademic achievement
_xSocial aspects.
942 _2lcc
_cPASS
999 _c98111
_d98111